Statistics for NBA Top Scorers Per Date - That's A Way To Start A Season !

Click here to take the quiz!

General Stats

  • This quiz has been taken 61 times
    (34 since last reset)
  • The average score is 22 of 33

Answer Stats

Player% Correct
Anthony Davis
97%
Michael Jordan
97%
Jaylen Brown
93%
Kevin Durant
93%
Kobe Bryant
93%
Stephen Curry
93%
Wilt Chamberlain
93%
James Harden
90%
Kyrie Irving
90%
Karl Malone
87%
Shaquille O'Neal
87%
DeMar DeRozan
83%
Ja Morant
83%
Kareem Abdul-Jabbar
83%
Kemba Walker
80%
Alex English
77%
Dale Ellis
67%
Monta Ellis
67%
Adrian Dantley
60%
Grant Hill
60%
Hal Greer
60%
Elgin Baylor
53%
Nick Anderson
53%
Jalen Rose
47%
Rick Barry
47%
Jerry Stackhouse
43%
Terry Rozier
43%
Latrell Sprewell
37%
Tiny Archibald
33%
World B. Free
30%
Lou Hudson
27%
Walt Bellamy
23%
Kiki Vandeweghe
17%

Score Distribution

Percentile by Number Answered

Percent of People with Each Score

Your Score History

You have not taken this quiz since the last reset